000
00207nam a2200085Ia 4500
008
120527s9999 xx 000 0 und d
100
_a
NELSON,H.Robert.
245
_a
Reaching for heaven opn earth.
942
_c
BK
999
_c
23976
_d
23976